Aaron Zhou
N/A
Categories
History - European | 3 | 2 | 0 | 0 | 65 | 36 | 66.40 | 0 | 0 |
History - American | 1 | 5 | 0 | 0 | 65 | 35 | 94.17 | 0 | 1 |
History - World | 1 | 2 | 0 | 0 | 35 | 48 | 59.67 | 0 | 0 |
History - Cross, Historiography, and Miscellaneous | 1 | 1 | 0 | 0 | 25 | 56 | 61.50 | 0 | 0 |
Current Events - U.S. | 0 | 2 | 0 | 0 | 20 | 73 | 96.50 | 0 | 0 |
Fine Arts - Painting | 1 | 0 | 0 | 0 | 15 | 29 | 29.00 | 0 | 0 |
Current Events - World | 1 | 0 | 0 | 0 | 15 | 59 | 59.00 | 0 | 0 |
Other - Other Academic and General Knowledge | 1 | 0 | 0 | 0 | 15 | 51 | 51.00 | 0 | 0 |
Science - Physics | 0 | 1 | 0 | 0 | 10 | 113 | 113.00 | 0 | 0 |
Social Science - Other | 0 | 1 | 0 | 0 | 10 | 116 | 116.00 | 0 | 0 |
RMP - World Mythology | 0 | 0 | 0 | 0 | 0 | 0.00 | 0 | 0 |